[Event "Oberliga Baden 1819"]
[Site "Baden"]
[Date "2018.12.16"]
[Round "4.5"]
[White "Muetsch, Annmarie"]
[Black "Hell, Pascal"]
[Result "0-1"]
[WhiteElo "2206"]
[BlackElo "2131"]
[PlyCount "72"]
[EventDate "2018.10.21"]
[EventType "team-tourn"]
[EventRounds "9"]
[EventCountry "GER"]
[SourceTitle "EXT 2020"]
[Source "ChessBase"]
[SourceDate "2019.10.17"]
[SourceVersion "1"]
[SourceVersionDate "2019.10.17"]
[SourceQuality "1"]
[WhiteTeam "Viernheim II"]
[BlackTeam "Dreilaendereck"]
[WhiteTeamCountry "GER"]
[BlackTeamCountry "GER"]

1. e4 c5 2. Nf3 e6 3. d3 Nc6 4. g3 Nf6 5. Bg2 Be7 6. 0-0 d6 7. c3 0-0 8. Re1 Bd7 9. Nbd2 Rc8 10. Nf1 b5 11. h4 a5 12. N1h2 e5 13. Qe2 a4 14. Ng5 b4 15. f4 a3 16. c4 Nd4 17. Qd1 axb2 18. Bxb2 Ra8 19. Bxd4 cxd4 20. f5 Ra3 21. Nh3 Qa5 22. g4 Rxa2 23. Rxa2 Qxa2 24. g5 Ne8 25. Qh5 Qd2 26. Rd1 Qe3+ 27. Kh1 g6 28. Qg4 h5 29. gxh6 Qxh6 30. Rb1 Ng7 31. Rxb4 gxf5 32. exf5 Bxf5 33. Qf3 Qxh4 34. Rb7 Ra8 35. Nf1 Ra3 36. Ng3 Bxh3 0-1

[Event "Oberliga Baden 1617"]
[Site "Baden"]
[Date "2017.02.19"]
[Round "6.5"]
[White "Schmaltz, Roland"]
[Black "Hell, Pascal"]
[Result "1-0"]
[WhiteElo "2490"]
[BlackElo "2208"]
[PlyCount "53"]
[EventDate "2016.10.16"]
[EventType "team-tourn"]
[EventRounds "9"]
[EventCountry "GER"]
[SourceTitle "EXT 2018"]
[Source "ChessBase"]
[SourceDate "2017.10.13"]
[SourceVersion "1"]
[SourceVersionDate "2017.10.13"]
[SourceQuality "1"]
[WhiteTeam "Baden-Baden II"]
[BlackTeam "Dreilaendereck"]
[WhiteTeamCountry "GER"]
[BlackTeamCountry "GER"]

1. e4 c5 2. Nf3 e6 3. d4 cxd4 4. Nxd4 Nc6 5. Nc3 a6 6. Be3 Qc7 7. Qf3 Nf6 8. 0-0-0 Bb4 9. Nxc6 bxc6 10. Bd4 Be7 11. e5 Nd5 12. Ne4 Bb7 13. c4 c5 14. Nd6+ Bxd6 15. exd6 Qd8 16. Bxc5 Qc8 17. Bd4 Ne7 18. Qc3 Nf5 19. Bxg7 Rg8 20. Be5 Qc5 21. Rd2 Rc8 22. f3 a5 23. Bd3 Ba6 24. Bxf5 exf5 25. Re1 Qxc4 26. Kb1 Qa4 27. Bg7+ 1-0

[Event "Verbandsliga Suedbaden 1516"]
[Site "Baden"]
[Date "2016.04.17"]
[Round "9.3"]
[White "Schneider, Dominik"]
[Black "Hell, Pascal"]
[Result "0-1"]
[WhiteElo "1992"]
[BlackElo "2214"]
[PlyCount "46"]
[EventDate "2015.09.27"]
[EventType "team-tourn"]
[EventRounds "9"]
[EventCountry "GER"]
[SourceTitle "EXT 2022"]
[Source "ChessBase"]
[SourceDate "2021.10.06"]
[SourceVersion "1"]
[SourceVersionDate "2021.10.06"]
[SourceQuality "1"]
[WhiteTeam "Offenburg"]
[BlackTeam "Dreilaendereck"]
[WhiteTeamCountry "GER"]
[BlackTeamCountry "GER"]

1. e4 c5 2. Nc3 g6 3. d4 cxd4 4. Qxd4 Nf6 5. Bb5 Nc6 6. Bxc6 dxc6 7. Qxd8+ Kxd8 8. Bf4 Bg7 9. Nf3 Nh5 10. 0-0-0+ Ke8 11. Bc7 Bg4 12. Rd3 Bh6+ 13. Kb1 Nf4 14. Ne5 Nxd3 15. Nxg4 Bf4 16. Bxf4 Nxf4 17. Ne3 Rd8 18. Kc1 h5 19. g3 Ne6 20. h3 b5 21. a3 a5 22. Ne2 Ng5 23. e5 Nf3 0-1

[Event "Oberliga Baden 1415"]
[Site "Baden"]
[Date "2015.01.18"]
[Round "5.6"]
[White "Berberich, Christoph"]
[Black "Hell, Pascal"]
[Result "1/2-1/2"]
[WhiteElo "2056"]
[BlackElo "2239"]
[PlyCount "58"]
[EventDate "2014.09.21"]
[EventType "team-tourn"]
[EventRounds "9"]
[EventCountry "GER"]
[SourceTitle "EXT 2016"]
[Source "ChessBase"]
[SourceDate "2015.10.08"]
[SourceVersion "1"]
[SourceVersionDate "2015.10.08"]
[SourceQuality "1"]
[WhiteTeam "Freiburg Zaehringen"]
[BlackTeam "Brombach"]
[WhiteTeamCountry "GER"]
[BlackTeamCountry "GER"]

1. d4 Nf6 2. Nf3 g6 3. c4 Bg7 4. Nc3 0-0 5. e4 d6 6. Be2 e5 7. 0-0 Nc6 8. d5 Ne7 9. b4 Ne8 10. c5 f5 11. Nd2 f4 12. Bg4 Nf6 13. Bxc8 Rxc8 14. f3 g5 15. Nc4 Ng6 16. a4 Nh4 17. g3 Ng6 18. Ra2 h5 19. Rg2 Qd7 20. gxf4 Nxf4 21. Bxf4 gxf4 22. Kh1 Kh7 23. Rfg1 Rg8 24. Qf1 h4 25. Qf2 Qh3 26. Qf1 Qd7 27. Qf2 Qh3 28. Qf1 Qd7 29. Qf2 Qh3 1/2-1/2

[Event "Oberliga Baden 1415"]
[Site "Baden"]
[Date "2014.11.09"]
[Round "3.4"]
[White "Hell, Pascal"]
[Black "Schwing, Hans Elmar"]
[Result "1/2-1/2"]
[WhiteElo "2241"]
[BlackElo "2289"]
[PlyCount "71"]
[EventDate "2014.09.21"]
[EventType "team-tourn"]
[EventRounds "9"]
[EventCountry "GER"]
[SourceTitle "EXT 2016"]
[Source "ChessBase"]
[SourceDate "2015.10.08"]
[SourceVersion "1"]
[SourceVersionDate "2015.10.08"]
[SourceQuality "1"]
[WhiteTeam "Brombach"]
[BlackTeam "Dreisamtal"]
[WhiteTeamCountry "GER"]
[BlackTeamCountry "GER"]

1. d4 Nf6 2. c4 e6 3. g3 d5 4. Bg2 Bb4+ 5. Bd2 Be7 6. Nf3 0-0 7. 0-0 c6 8. b3 b6 9. Bc3 Bb7 10. Nbd2 Nbd7 11. Qc2 c5 12. e3 Rc8 13. Rfd1 Qc7 14. Rac1 Rfd8 15. Qb2 Qb8 16. a4 Bc6 17. a5 b5 18. cxb5 Bxb5 19. Ne5 Nxe5 20. dxe5 Ne8 21. Nf3 Nc7 22. h4 Be8 23. Qa2 Qb7 24. Rb1 Na6 25. Ne1 Nb4 26. Qe2 Qb5 27. Qxb5 Bxb5 28. Rb2 Rb8 29. Bxb4 cxb4 30. Rc2 Rdc8 31. Rdc1 Rxc2 32. Rxc2 Bd8 33. Ra2 f6 34. Bh3 Kf7 35. Nf3 Rc8 36. Bxe6+ 1/2-1/2

[Event "Oberliga Baden 1415"]
[Site "Baden"]
[Date "2014.10.19"]
[Round "2.6"]
[White "Kiefer, Gerhard"]
[Black "Hell, Pascal"]
[Result "1/2-1/2"]
[WhiteElo "2254"]
[BlackElo "2239"]
[PlyCount "78"]
[EventDate "2014.09.21"]
[EventType "team-tourn"]
[EventRounds "9"]
[EventCountry "GER"]
[SourceTitle "EXT 2016"]
[Source "ChessBase"]
[SourceDate "2015.10.08"]
[SourceVersion "1"]
[SourceVersionDate "2015.10.08"]
[SourceQuality "1"]
[WhiteTeam "Emmendingen"]
[BlackTeam "Brombach"]
[WhiteTeamCountry "GER"]
[BlackTeamCountry "GER"]

1. e4 c5 2. Nf3 e6 3. d4 cxd4 4. Nxd4 Nc6 5. Nc3 Qc7 6. Be2 a6 7. 0-0 Nf6 8. Be3 Ne5 9. f4 Nc4 10. Bxc4 Qxc4 11. Qf3 Bb4 12. Na4 Ba5 13. b3 Qc7 14. c4 d6 15. Rac1 Bd7 16. c5 Bxa4 17. cxd6 Qd7 18. bxa4 0-0 19. Nb3 Qxa4 20. Nxa5 Qxa5 21. Bd4 Rac8 22. Rxc8 Rxc8 23. e5 Nd5 24. f5 Qd2 25. Ba7 Rc1 26. fxe6 Rxf1+ 27. Qxf1 fxe6 28. h3 b6 29. d7 Ne3 30. Qf3 Qxd7 31. Bxb6 Nd5 32. Bc5 h6 33. Qf8+ Kh7 34. Qa8 Qc7 35. Bd6 Qc1+ 36. Kh2 Qf4+ 37. Kh1 Qf1+ 38. Kh2 Qf4+ 39. Kh1 Qf1+ 1/2-1/2

[Event "Schwarzach op-A"]
[Site "Schwarzach"]
[Date "2009.08.23"]
[Round "9"]
[White "Hell, Pascal"]
[Black "Smirnov, Artem"]
[Result "0-1"]
[WhiteElo "2177"]
[BlackElo "2441"]
[PlyCount "100"]
[EventDate "2009.08.15"]
[EventType "swiss"]
[EventRounds "9"]
[EventCountry "AUT"]
[SourceTitle "CBM 132 Extra"]
[Source "ChessBase"]
[SourceDate "2009.11.03"]
[SourceVersion "1"]
[SourceVersionDate "2009.11.03"]
[SourceQuality "1"]

1. d4 Nf6 2. Bf4 e6 3. Nf3 b6 4. e3 Bb7 5. Nbd2 Be7 6. Bd3 Nh5 7. Bg3 d6 8. Qe2 Nd7 9. c3 a6 10. 0-0 g6 11. e4 0-0 12. Rad1 c5 13. a4 cxd4 14. cxd4 Nb8 15. Rfe1 Re8 16. Nc4 Nc6 17. Ne3 Nb4 18. Bb1 d5 19. e5 Bc6 20. b3 b5 21. axb5 Bxb5 22. Qb2 Rc8 23. Rc1 Rc6 24. Rxc6 Nxc6 25. Rd1 Kg7 26. Bd3 Bxd3 27. Rxd3 Qb6 28. Qc1 Nb4 29. Rd1 Qc6 30. Qd2 Rc8 31. Bh4 Bxh4 32. Nxh4 Qc3 33. g3 Qxd2 34. Rxd2 Rc3 35. Rb2 g5 36. Nf3 g4 37. Ne1 Rc1 38. N3g2 f6 39. Kf1 fxe5 40. dxe5 Nd3 41. Ra2 Nxe5 42. Rxa6 Nc6 43. b4 Nd4 44. b5 Rb1 45. b6 Nf6 46. Ra7+ Kg6 47. Nf4+ Kf5 48. b7 e5 49. Nfd3 Nf3 50. Nc1 Rxc1 0-1

[Event "Schwarzach op-A"]
[Site "Schwarzach"]
[Date "2009.08.16"]
[Round "2"]
[White "Starostits, Ilmars"]
[Black "Hell, Pascal"]
[Result "1/2-1/2"]
[WhiteElo "2482"]
[BlackElo "2177"]
[PlyCount "62"]
[EventDate "2009.08.15"]
[EventType "swiss"]
[EventRounds "9"]
[EventCountry "AUT"]
[SourceTitle "CBM 132 Extra"]
[Source "ChessBase"]
[SourceDate "2009.11.03"]
[SourceVersion "1"]
[SourceVersionDate "2009.11.03"]
[SourceQuality "1"]

1. e4 c5 2. Nc3 Nc6 3. g3 g6 4. Bg2 Bg7 5. f4 d6 6. Nf3 e6 7. 0-0 Nge7 8. d3 0-0 9. Be3 b6 10. Bf2 Bb7 11. Qd2 a6 12. d4 cxd4 13. Nxd4 Nxd4 14. Bxd4 Bxd4+ 15. Qxd4 Qc7 16. Rad1 Rfd8 17. Qf6 d5 18. f5 exf5 19. exd5 Nxd5 20. Nxd5 Bxd5 21. Bxd5 Qc5+ 22. Qd4 Rxd5 23. Qxc5 Rxc5 24. c3 Re8 25. Rd6 Re6 26. Rfd1 Rce5 27. Rxe6 Rxe6 28. Kf2 Kf8 29. Rd7 Re7 30. Rd8+ Re8 31. Rd7 Re7 1/2-1/2

[Event "Cannes op"]
[Site "Cannes"]
[Date "2007.02.20"]
[Round "3"]
[White "Arduin, Antoine"]
[Black "Hell, Pascal"]
[Result "0-1"]
[WhiteElo "1876"]
[BlackElo "2227"]
[PlyCount "86"]
[EventDate "2007.02.18"]
[EventType "swiss"]
[EventRounds "9"]
[EventCountry "FRA"]
[SourceTitle "CBM 116 Extra"]
[Source "ChessBase"]
[SourceDate "2007.03.07"]
[SourceVersion "1"]
[SourceVersionDate "2007.03.07"]
[SourceQuality "1"]

1. d4 Nf6 2. Nf3 e6 3. Bg5 c5 4. c3 cxd4 5. cxd4 Bb4+ 6. Nc3 Nc6 7. Qc2 h6 8. Bf4 Qb6 9. e3 Nd5 10. Bg3 Qa5 11. Kd2 Be7 12. Be2 b5 13. a3 Nxc3 14. bxc3 a6 15. Qb2 Bb7 16. Rhc1 0-0 17. Ke1 Rfc8 18. Kf1 Qd8 19. Nd2 d5 20. a4 b4 21. cxb4 Nxb4 22. Nb3 a5 23. Nc5 Bc6 24. Qb3 Bd6 25. Bxd6 Qxd6 26. Rc3 Qxh2 27. Ke1 Qxg2 28. Rac1 Rcb8 29. Qa3 Qg1+ 30. Bf1 h5 31. e4 h4 32. e5 Qg4 33. Nb3 Be8 34. Bb5 Bxb5 35. axb5 Rxb5 36. Qa4 Rbb8 37. Qd7 h3 38. Kd2 Qf4+ 39. Ke2 h2 40. Rf1 h1Q 41. Rxh1 Qe4+ 42. Re3 Qxh1 43. Rf3 Qh5 0-1

[Event "Cannes op"]
[Site "Cannes"]
[Date "2007.02.19"]
[Round "2"]
[White "Hell, Pascal"]
[Black "Hommeles, Theo"]
[Result "0-1"]
[WhiteElo "2227"]
[BlackElo "2375"]
[PlyCount "100"]
[EventDate "2007.02.18"]
[EventType "swiss"]
[EventRounds "9"]
[EventCountry "FRA"]
[SourceTitle "CBM 116 Extra"]
[Source "ChessBase"]
[SourceDate "2007.03.07"]
[SourceVersion "1"]
[SourceVersionDate "2007.03.07"]
[SourceQuality "1"]

1. e4 c5 2. Nf3 Nc6 3. d4 cxd4 4. Nxd4 Nf6 5. Nc3 d6 6. Bc4 Qb6 7. Nxc6 bxc6 8. 0-0 g6 9. Qd3 Bg7 10. a4 0-0 11. a5 Qc7 12. h3 Rb8 13. Re1 Rd8 14. Qe2 d5 15. exd5 cxd5 16. Bb3 e6 17. Bg5 h6 18. Bh4 Rb4 19. Bg3 Qc6 20. Qd2 Qc5 21. Be5 Nd7 22. Bxg7 Kxg7 23. Ra4 Ba6 24. Rea1 Rdb8 25. Ne2 Nf6 26. Rxb4 Rxb4 27. Ng3 h5 28. Ra4 Rxa4 29. Bxa4 h4 30. Ne2 Bxe2 31. Qxe2 Qxa5 32. b3 Qc3 33. Bb5 a5 34. Bd3 Nd7 35. f4 Qd4+ 36. Qf2 Qxf2+ 37. Kxf2 Kf6 38. Ke3 e5 39. fxe5+ Kxe5 40. Bb5 Nf6 41. c3 Ne4 42. Kd3 Nc5+ 43. Kc2 Ne6 44. Be8 Nf4 45. Bxf7 g5 46. b4 axb4 47. cxb4 Nxg2 48. Be8 g4 49. b5 gxh3 50. b6 Kd6 0-1

[Event "FRA-chT1B 0607"]
[Site "France"]
[Date "2006.11.06"]
[Round "3.6"]
[White "Ovsienko, Valentin"]
[Black "Hell, Pascal"]
[Result "0-1"]
[WhiteElo "2163"]
[BlackElo "2211"]
[PlyCount "62"]
[EventDate "2006.10.15"]
[EventType "team"]
[EventRounds "11"]
[EventCountry "FRA"]
[SourceTitle "EXT 2008"]
[Source "ChessBase"]
[SourceDate "2007.11.25"]
[SourceVersion "1"]
[SourceVersionDate "2007.11.25"]
[SourceQuality "1"]
[WhiteTeam "Marseille Duchamps"]
[BlackTeam "Mulhouse II"]
[WhiteTeamCountry "FRA"]
[BlackTeamCountry "FRA"]

1. c4 e5 2. g3 Bc5 3. Bg2 Nf6 4. Nc3 0-0 5. e3 c6 6. d4 exd4 7. exd4 Bb4 8. Nge2 d5 9. cxd5 Nxd5 10. 0-0 Be6 11. a3 Ba5 12. Qd3 Na6 13. Be4 f5 14. Bg2 Qd7 15. b4 Bb6 16. Rd1 Nac7 17. Na4 Rae8 18. Bf4 Qf7 19. Bd6 Nxb4 20. axb4 Bc4 21. Qc3 Nb5 22. Qc1 Nxd6 23. Nf4 Ne4 24. Nxb6 axb6 25. Nd3 Bxd3 26. Rxd3 Ra8 27. Rxa8 Rxa8 28. b5 Qd5 29. Re3 Qxd4 30. Bxe4 fxe4 31. bxc6 Ra1 0-1

[Event "FRA-chT1B 0607"]
[Site "France"]
[Date "2006.10.15"]
[Round "1.5"]
[White "Hell, Pascal"]
[Black "Ravot, Sylvain"]
[Result "1-0"]
[WhiteElo "2211"]
[BlackElo "2254"]
[PlyCount "103"]
[EventDate "2006.10.15"]
[EventType "team"]
[EventRounds "11"]
[EventCountry "FRA"]
[SourceTitle "EXT 2008"]
[Source "ChessBase"]
[SourceDate "2007.11.25"]
[SourceVersion "1"]
[SourceVersionDate "2007.11.25"]
[SourceQuality "1"]
[WhiteTeam "Mulhouse II"]
[BlackTeam "Lyon Olympique"]
[WhiteTeamCountry "FRA"]
[BlackTeamCountry "FRA"]

1. d4 d5 2. Nf3 Nf6 3. g3 c6 4. Bg2 Bf5 5. 0-0 h6 6. b3 e6 7. c4 a5 8. Nc3 Be7 9. Ne5 Nbd7 10. Nxd7 Qxd7 11. Na4 Ra6 12. c5 0-0 13. f3 Bd8 14. Bd2 Bc7 15. Bc3 Qe7 16. Qd2 e5 17. e3 e4 18. f4 Qd7 19. a3 h5 20. Nb2 Rfa8 21. Nd1 g6 22. Nf2 Ng4 23. Nxg4 Bxg4 24. b4 h4 25. gxh4 Bd8 26. Qf2 axb4 27. axb4 Ra3 28. Rxa3 Rxa3 29. Qb2 Ra8 30. Qf2 Qf5 31. Rb1 Qh5 32. Be1 Be2 33. Bh3 f5 34. Bf1 Bf3 35. h3 Kf7 36. b5 Ke8 37. bxc6 bxc6 38. Qb2 Qh7 39. Ra1 Ra7 40. Rb1 Qd7 41. Qb8 Qc7 42. h5 Kf7 43. h6 Qxb8 44. Rxb8 Bf6 45. h7 Ke6 46. h8Q Bxh8 47. Rxh8 Ra1 48. Bh4 Be2 49. Rh7 g5 50. Bxg5 Rxf1+ 51. Kg2 Bf3+ 52. Kxf1 1-0

[Event "Selestat op-A 13th"]
[Site "Selestat"]
[Date "2006.02.??"]
[Round "4"]
[White "Roser, Kevin"]
[Black "Hell, Pascal"]
[Result "1-0"]
[WhiteElo "2365"]
[BlackElo "2173"]
[PlyCount "43"]
[EventDate "2006.02.23"]
[EventType "swiss"]
[EventRounds "7"]
[EventCountry "FRA"]
[SourceTitle "CBM 111 Extra"]
[Source "ChessBase"]
[SourceDate "2006.05.09"]
[SourceVersion "1"]
[SourceVersionDate "2006.05.09"]
[SourceQuality "1"]

1. e4 c5 2. Nf3 e6 3. d4 cxd4 4. Nxd4 Nf6 5. Nc3 d6 6. Be3 Be7 7. g4 Nc6 8. g5 Nd7 9. h4 a6 10. Qh5 Nb6 11. f4 Qc7 12. 0-0-0 g6 13. Qf3 Bd7 14. Qf2 Nc8 15. h5 gxh5 16. Be2 Nxd4 17. Bxd4 e5 18. Nd5 Qa5 19. fxe5 Bxg5+ 20. Kb1 dxe5 21. Bxe5 Rg8 22. Bxh5 1-0

[Event "Basel Hilton op 06th"]
[Site "Basel"]
[Date "2004.01.01"]
[Round "1"]
[White "Zontakh, Andrey"]
[Black "Hell, Pascal"]
[Result "1-0"]
[WhiteElo "2525"]
[BlackElo "2144"]
[PlyCount "43"]
[EventDate "2004.01.01"]
[EventType "swiss"]
[EventRounds "7"]
[EventCountry "SUI"]
[SourceTitle "CBM 098 Extra"]
[Source "ChessBase"]
[SourceDate "2004.03.10"]
[SourceVersion "2"]
[SourceVersionDate "2004.03.10"]
[SourceQuality "1"]

1. d4 Nf6 2. c4 e6 3. Nf3 b6 4. g3 Ba6 5. Qb3 Be7 6. Bg2 0-0 7. Nc3 Bb7 8. d5 Na6 9. 0-0 c6 10. dxe6 dxe6 11. Bf4 Qc8 12. Rad1 Rd8 13. a3 Rxd1 14. Rxd1 Qe8 15. Ne5 Rd8 16. Rxd8 Bxd8 17. Qa4 Bc7 18. Bxc6 Qb8 19. Bxb7 Nc5 20. Nc6 Nxa4 21. Nxb8 Bxf4 22. gxf4 1-0

[Event "Cannes op-B 18th"]
[Site "Cannes"]
[Date "1997.??.??"]
[Round "6"]
[White "Doric, Nenad"]
[Black "Hell, Pascal"]
[Result "1-0"]
[WhiteElo "2250"]
[BlackElo "2140"]
[PlyCount "107"]
[EventDate "1997.02.22"]
[EventType "swiss"]
[EventRounds "9"]
[EventCountry "FRA"]
[SourceTitle "CBM 057 Extra"]
[Source "ChessBase"]
[SourceDate "1997.05.01"]
[SourceVersion "1"]
[SourceVersionDate "1997.05.01"]
[SourceQuality "1"]

1. e4 c5 2. c3 Nf6 3. e5 Nd5 4. d4 cxd4 5. Nf3 d6 6. Bc4 e6 7. cxd4 Nc6 8. 0-0 Be7 9. Qe2 Nb6 10. Bb3 d5 11. Nc3 Bd7 12. Qe3 Na5 13. Bc2 h6 14. Qf4 g5 15. Qe3 a6 16. Nd2 Qc7 17. f4 Nc6 18. Kh1 0-0-0 19. Nf3 g4 20. Ng1 h5 21. f5 Rdg8 22. f6 Bf8 23. Nge2 Nc4 24. Qf2 h4 25. Qe1 Bh6 26. Bxh6 Rxh6 27. Qc1 Rhh8 28. b3 Nb6 29. Qd2 Kb8 30. Rac1 Qd8 31. a3 Qf8 32. Nb1 Qh6 33. Bd3 Rc8 34. Rc2 Qxd2 35. Nxd2 Na5 36. Rfc1 Bc6 37. Kg1 g3 38. hxg3 Rcg8 39. Kf2 hxg3+ 40. Nxg3 Rg4 41. Ne2 Rh2 42. Rg1 Bd7 43. Rcc1 Rh8 44. Rh1 Rhg8 45. g3 Nc6 46. Nf3 Na5 47. Rc3 Rc8 48. Rxc8+ Nxc8 49. Bc2 Na7 50. Rh7 Nb5 51. Rg7 Nxa3 52. Rxg4 Nxc2 53. Rg7 Nxb3 54. Rxf7 1-0

[Event "Saint Affrique op"]
[Site "Saint Affrique"]
[Date "1994.??.??"]
[Round "?"]
[White "Hell, Pascal"]
[Black "Collas, Didier"]
[Result "0-1"]
[WhiteElo "2070"]
[BlackElo "2400"]
[PlyCount "94"]
[EventDate "1994.07.??"]
[EventType "swiss"]
[EventRounds "7"]
[EventCountry "FRA"]
[SourceTitle "EXT 1999"]
[Source "ChessBase"]
[SourceDate "1998.11.16"]
[SourceVersion "1"]
[SourceVersionDate "1998.11.16"]
[SourceQuality "1"]

1. d4 d5 2. c4 e6 3. Nc3 c6 4. Nf3 dxc4 5. a4 Bb4 6. e3 b5 7. axb5 cxb5 8. Ne5 Bb7 9. Be2 Nd7 10. 0-0 Nxe5 11. dxe5 Qxd1 12. Rxd1 a6 13. Bf3 Bxf3 14. gxf3 Bxc3 15. bxc3 Ne7 16. e4 Ng6 17. f4 0-0 18. Ra5 Rfd8 19. Rd6 Rxd6 20. exd6 Nf8 21. Kg2 Nd7 22. Be3 f6 23. Kf3 Kf7 24. h4 e5 25. f5 Nb8 26. Ra1 Nc6 27. Bc5 Nd8 28. Rd1 Nb7 29. Bb4 a5 30. Ba3 Nd8 31. Bc5 Rb8 32. Rb1 Ke8 33. Ke3 Nc6 34. Rg1 Rb7 35. h5 h6 36. f4 exf4+ 37. Kxf4 b4 38. Rb1 Rb5 39. d7+ Kxd7 40. Bf8 b3 41. Bxg7 a4 42. Bxf6 a3 43. e5 Nxe5 44. Bxe5 b2 45. Rd1+ Ke8 46. Rg1 b1Q 47. Rg8+ Kf7 0-1

[Event "Saint Affrique op"]
[Site "Saint Affrique"]
[Date "1994.??.??"]
[Round "?"]
[White "Lane, Gary William"]
[Black "Hell, Pascal"]
[Result "1-0"]
[WhiteElo "2440"]
[BlackElo "2070"]
[PlyCount "81"]
[EventDate "1994.07.??"]
[EventType "swiss"]
[EventRounds "7"]
[EventCountry "FRA"]
[SourceTitle "EXT 1999"]
[Source "ChessBase"]
[SourceDate "1998.11.16"]
[SourceVersion "1"]
[SourceVersionDate "1998.11.16"]
[SourceQuality "1"]

1. e4 c5 2. Nc3 Nc6 3. Nf3 e6 4. d4 cxd4 5. Nxd4 Qc7 6. f4 a6 7. Nf3 Bb4 8. Bd3 Nf6 9. 0-0 b5 10. Kh1 Bb7 11. Qe1 d6 12. a4 Bxc3 13. Qxc3 b4 14. Qe1 a5 15. Qg3 Qe7 16. b3 0-0-0 17. Be3 h5 18. Qh4 Nd7 19. Qxe7 Nxe7 20. Ng5 Rdf8 21. Rfd1 Nc5 22. Kg1 Kc7 23. e5 Nd5 24. Bd4 Nxd3 25. cxd3 Kd7 26. exd6 f6 27. Ne4 Nxf4 28. Nc5+ Kc6 29. Re1 e5 30. Be3 Nd5 31. Rac1 Nc3 32. d7 Rd8 33. d4 Ba8 34. dxe5 fxe5 35. Bf2 e4 36. Nxe4 Kxd7 37. Nxc3 bxc3 38. Rxc3 Rc8 39. Rd3+ Kc6 40. Re6+ Kb7 41. Rd7+ 1-0